000 00209nam a2200109Ia 4500
003 GCL
008 140319s9999 xx 000 0 ara d
040 _aGCL /
_cGCL
082 0 4 _aم*
245 1 0 _a\+
300 _a+
999 _c27481
_d27481